Comparison of celery cabbage (Brassica chinensis,L) varieties under sandy soil condition , ការប្រៀបធៀបពូជដំណាំស្ពៃចង្កឹះក្នុងល័ក្ខខ័ណ្ឌដីល្បាយខ្សាច់ (Record no. 7105)

000 -LEADER
fixed length control field 00658nam a22001337a 4500
040 ## - CATALOGING SOURCE
Transcribing agency RUA
082 ## - DEWEY DECIMAL CLASSIFICATION NUMBER
Classification number AGR YEM 2014 B433 Or.1
100 ## - MAIN ENTRY--AUTHOR NAME
Personal name YEM SAMBATH ; យ៉ែម សម្បត្តិ
245 ## - TITLE STATEMENT
Title Comparison of celery cabbage (Brassica chinensis,L) varieties under sandy soil condition , ការប្រៀបធៀបពូជដំណាំស្ពៃចង្កឹះក្នុងល័ក្ខខ័ណ្ឌដីល្បាយខ្សាច់
260 ## - PUBLICATION, DISTRIBUTION, ETC. (IMPRINT)
Place of publication Phnom Penh
Name of publisher RUA
Year of publication 2014
300 ## - PHYSICAL DESCRIPTION
Number of Pages xii ; 42p.
Other physical details ill.
Dimensions 29cm.
856 ## - ELECTRONIC LOCATION AND ACCESS
Uniform Resource Identifier https://drive.google.com/file/d/1_Y1_U2k_WToRhWEbVMaDoJOGXMtfrnOZ/view?usp=sharing
942 ## - ADDED ENTRY ELEMENTS (KOHA)
Koha item type AGR
952 ## - LOCATION AND ITEM INFORMATION (KOHA)
Withdrawn status [LOCAL, KOHA] 0
952 ## - LOCATION AND ITEM INFORMATION (KOHA)
Withdrawn status [LOCAL, KOHA] 0
952 ## - LOCATION AND ITEM INFORMATION (KOHA)
Withdrawn status [LOCAL, KOHA] 0
952 ## - LOCATION AND ITEM INFORMATION (KOHA)
Withdrawn status [LOCAL, KOHA] 0
952 ## - LOCATION AND ITEM INFORMATION (KOHA)
Withdrawn status [LOCAL, KOHA] 0
952 ## - LOCATION AND ITEM INFORMATION (KOHA)
Withdrawn status [LOCAL, KOHA] 0
952 ## - LOCATION AND ITEM INFORMATION (KOHA)
Withdrawn status [LOCAL, KOHA] 0
952 ## - LOCATION AND ITEM INFORMATION (KOHA)
Withdrawn status [LOCAL, KOHA] 0
Holdings
Permanent Location Date acquired Koha item type Lost status Shelving location Barcode Current Location Full call number
Library Block B2016-02-26AGR B433RUA052593Library Block BAGR YEM 2014 B433 Or.1
Library Block B2016-02-26AGR B433RUA052524Library Block BAGR YEM 2014 B433 Or.2
Library Block B2016-02-26AGR B433RUA052464Library Block BAGR YEM 2014 B433 Or.3
Library Block B2016-02-26AGR B433RUA052463Library Block BAGR YEM 2014 B433 Or.4
Library Block B2016-02-26AGR B433RUA052523Library Block BAGR YEM 2014 B433 Or.5
Library Block B2016-02-26AGR B433RUA052522Library Block BAGR YEM 2014 B433 Or.6
Library Block B2016-02-26AGR B433RUA052521Library Block BAGR YEM 2014 B433 Or.7
Library Block B2021-12-17AGR B043A066965Library Block BAGR YEM 2014 B043 Or.1
មជ្ឈមណ្ឌលឯការនៃសាកលវិទ្យាល័យភូមិន្ទកសិកម្មចំការដូង

Powered by Koha